000 01404cam a22003857a 4500
003 CHAP
005 20220329142426.0
008 010118d2000 mx r 00110 spa d
010 _a83272
011 _a84244
035 _a94763
040 _cCHAP
090 _aTesis
100 0 0 _aMárquez Fiscal, Jesús Miguel.
_976310
245 1 0 _aAnálisis de crecimiento de cinco variedades de alfalfa (Medicago Sativa L.), cultivadas en Chapingo, México
_c/por Jesús Miguel Márquez Fiscal y Oscar Sánchez Flores
260 _aChapingo, Méx. :
_bEl autor,
_c2000.
300 _a64 h. :
_bgráfs.
502 _aTesis (Ing. Agr. Esp. en Zootecnia) -- UACH. Departamento de Zootecnia
590 _aALEPH
_b10
_c20130110
_lUCH01
_h1441
590 _aBATCH-UPD
_b10
_c20130110
_lUCH01
_h0337
590 _aBATCH-UPD
_b10
_c20130410
_lUCH01
_h0010
590 _aBATCH-UPD
_b10
_c20130410
_lUCH01
_h1505
590 _aBATCH-UPD
_b10
_c20130914
_lUCH01
_h0251
590 _aCONVERSION
_b10
_c20130109
_lUCH01
_h1346
650 1 4 _aAlfalfa
_xCrecimiento.
_93858
650 1 4 _aAlfalfa
_xMexico.
_93879
650 1 4 _aAlfalfa
_xRendimiento.
_93887
650 1 4 _aAlfalfa
_xVariedades.
_93893
700 0 _aSánchez Flores, Oscar.
_9107510
901 _aBK
905 _aLilia Sánchez G.
942 _cFOLL
949 _bBC
_cTES
_d33724000809323
_eTS2
_fc.2
_h37829
_i94763
_si
949 _bBC
_cTES
_d947631
_eTS1
_h37828
_i94763
_sb
999 _c83272
_d83272